Sports Quiz

Random Sports or Olympics Quiz

Olympic Event Logos (PIC) Quiz Stats

Quiz not verified by Sporcle

Challenge
Share
Tweet
Image and video hosting by TinyPic
Score 0/8 Timer 05:00
0 Plays Today
Number % Correct
2Water Polo
91.1%
5Badminton
81%
4Handball
72.2%
1Field Hockey
69.6%
6Trampoline
62%
3Synchronized Swimming
58.2%
7Modern Pentathlon
45.6%
8Rhythmic Gymnastics
36.7%

You're not logged in!

Compare scores with friends on all Sporcle quizzes.
Sign Up with Email
OR
Log In

You Might Also Like...

Show Comments

Extras

Top Quizzes Today


Score Distribution

Your Account Isn't Verified!

In order to create a playlist on Sporcle, you need to verify the email address you used during registration. Go to your Sporcle Settings to finish the process.